<?xml version="1.0" encoding="UTF-8"?>
<record
    xmlns:xsi="http://www.w3.org/2001/XMLSchema-instance"
    xsi:schemaLocation="http://www.loc.gov/MARC21/slim http://www.loc.gov/standards/marcxml/schema/MARC21slim.xsd"
    xmlns="http://www.loc.gov/MARC21/slim">

  <leader>00920nam a22002537a 4500</leader>
  <controlfield tag="005">20240530110438.0</controlfield>
  <controlfield tag="008">150414s2012    ua     c      000 0 ara d</controlfield>
  <datafield tag="017" ind1=" " ind2=" ">
    <subfield code="a">2011/14213</subfield>
  </datafield>
  <datafield tag="020" ind1=" " ind2=" ">
    <subfield code="a">9771444131</subfield>
  </datafield>
  <datafield tag="040" ind1=" " ind2=" ">
    <subfield code="a">EG-CaGPL</subfield>
  </datafield>
  <datafield tag="082" ind1="0" ind2="4">
    <subfield code="2">21</subfield>
    <subfield code="a">962.1</subfield>
    <subfield code="b">&#x637;/&#x62C; &#x633;</subfield>
  </datafield>
  <datafield tag="100" ind1="0" ind2=" ">
    <subfield code="a">&#x62C;&#x647;&#x627;&#x646; &#x645;&#x645;&#x62F;&#x648;&#x62D; &#x645;&#x623;&#x645;&#x648;&#x646;.</subfield>
  </datafield>
  <datafield tag="245" ind1="1" ind2="0">
    <subfield code="a">&#x631;&#x634;&#x64A;&#x62F; &#x645;&#x62F;&#x64A;&#x646;&#x629; &#x627;&#x644;&#x62A;&#x627;&#x631;&#x64A;&#x62E; /</subfield>
    <subfield code="c">&#x62A;&#x627;&#x644;&#x64A;&#x641; &#x62C;&#x647;&#x627;&#x646; &#x645;&#x645;&#x62F;&#x648;&#x62D; &#x645;&#x623;&#x645;&#x648;&#x646; &#x61B; &#x62A;&#x642;&#x62F;&#x64A;&#x645; &#x627;&#x62D;&#x645;&#x62F; &#x639;&#x628;&#x62F;&#x627;&#x644;&#x631;&#x627;&#x632;&#x642; &#x627;&#x62D;&#x645;&#x62F;.</subfield>
  </datafield>
  <datafield tag="250" ind1=" " ind2=" ">
    <subfield code="a">&#x637;1.</subfield>
  </datafield>
  <datafield tag="260" ind1=" " ind2=" ">
    <subfield code="a">&#x627;&#x644;&#x642;&#x627;&#x647;&#x631;&#x629; :</subfield>
    <subfield code="b">&#x646;&#x647;&#x636;&#x629; &#x645;&#x635;&#x631; &#x644;&#x644;&#x637;&#x628;&#x627;&#x639;&#x629; &#x648;&#x627;&#x644;&#x646;&#x634;&#x631; &#x648;&#x627;&#x644;&#x62A;&#x648;&#x632;&#x64A;&#x639; &#x60C;</subfield>
    <subfield code="c">2012.</subfield>
  </datafield>
  <datafield tag="300" ind1=" " ind2=" ">
    <subfield code="a">80 &#x635; &#x61B;</subfield>
    <subfield code="c">28 &#x633;&#x645;.</subfield>
  </datafield>
  <datafield tag="490" ind1=" " ind2=" ">
    <subfield code="a">&#x633;&#x644;&#x633;&#x644;&#x629; &#x645;&#x62F;&#x646; &#x645;&#x635;&#x631;&#x64A;&#x629;</subfield>
  </datafield>
  <datafield tag="650" ind1="0" ind2="4">
    <subfield code="a">&#x627;&#x644;&#x635;&#x646;&#x627;&#x639;&#x627;&#x62A; &#x627;&#x644;&#x642;&#x62F;&#x64A;&#x645;&#x629;.</subfield>
  </datafield>
  <datafield tag="650" ind1="0" ind2="4">
    <subfield code="a">&#x627;&#x644;&#x627;&#x645;&#x62B;&#x627;&#x644; &#x627;&#x644;&#x634;&#x639;&#x628;&#x64A;&#x629;.</subfield>
  </datafield>
  <datafield tag="650" ind1="0" ind2="4">
    <subfield code="a">&#x627;&#x644;&#x62D;&#x645;&#x644;&#x629; &#x627;&#x644;&#x641;&#x631;&#x646;&#x633;&#x64A;&#x629;.</subfield>
  </datafield>
  <datafield tag="650" ind1="0" ind2="4">
    <subfield code="a">&#x627;&#x644;&#x628;&#x64A;&#x648;&#x62A; &#x627;&#x644;&#x627;&#x62B;&#x631;&#x64A;&#x629;.</subfield>
  </datafield>
  <datafield tag="942" ind1=" " ind2=" ">
    <subfield code="2">ddc</subfield>
    <subfield code="c">BK</subfield>
  </datafield>
  <datafield tag="999" ind1=" " ind2=" ">
    <subfield code="c">60993</subfield>
    <subfield code="d">60993</subfield>
  </datafield>
  <datafield tag="952" ind1=" " ind2=" ">
    <subfield code="0">0</subfield>
    <subfield code="1">0</subfield>
    <subfield code="4">0</subfield>
    <subfield code="7">0</subfield>
    <subfield code="a">CAI</subfield>
    <subfield code="b">CAI</subfield>
    <subfield code="d">2015-04-14</subfield>
    <subfield code="l">0</subfield>
    <subfield code="o">962.1 &#x637;/&#x62C; &#x633;</subfield>
    <subfield code="p">160189</subfield>
    <subfield code="r">2015-04-14 00:00:00</subfield>
    <subfield code="w">2015-04-14</subfield>
    <subfield code="y">BK</subfield>
  </datafield>
</record>
